000 00641nam a22001937a 4500
999 _c159814
_d159814
005 20190107115240.0
010 _aENG-124631
020 _a9789386473363
_c795.00
035 _aEN-108163
037 _bDBAD/PUB
082 _a346.540134
100 _aKhosla, Tamanna
245 _aPersonal laws in india:
_cby Tamanna Khosla
_breconciling diversity with gender justice/
260 _aNew Delhi
_bVitasta Publishing Pvt Ltd
_c2019
270 _a2/15, Ansari Road, Daryaganj,
_bNew Delhi
_e110002
300 _a336p.
_c21cm.(Hb)
500 _aIt includes conclusion and references
942 _2ddc
_cEN
_mKHO
_h346.540134